El artista aprende la lección de los ángeles / (Registro nro. 8840)
[ vista simple ]
| 000 -LIDER | |
|---|---|
| fixed length control field | 00550nam a22002177a 4500 |
| 001 - NÚMERO DE CONTROL | |
| Identificador de número de control | 0145 |
| 003 - IDENTIFICACDOR DE NÚMERO DE CONTROL | |
| control field | DO-SdBNP |
| 005 - DATE AND TIME OF LATEST TRANSACTION | |
| control field | 20151120105346.0 |
| 007 - CAMPOS FIJOS DE DESCRIPCIÓN FÍSICA | |
| fixed length control field | 0145 |
| 008 - ELEMENTOS DE LONGITUD FIJA | |
| fixed length control field | 151005b1971 sp 00| 0 spa d |
| 040 ## - FUENTE DE CATALOGACIÓN | |
| Agencia que crea de manera original el registro | BPMSU |
| Idioma de catalogación | spa |
| Agencia que realiza la transcripción | BPMSU |
| 092 ## - LOCALLY ASSIGNED DEWEY DECIMAL CALL NUMBER | |
| Número de clasificación | XXXX |
| Número de ítem (Cutter) | XXXX |
| 100 1# - ASIENTO PRINCIPAL -- NOMBRE PERSONAL | |
| Nombre personal | Bagué, Enrique |
| 245 13 - MENCIÓN DE TITULO | |
| Título | El artista aprende la lección de los ángeles / |
| Mención de responsabilidad | Enrique Bagué |
| 260 ## - PUBLICACIÓN, DISTRIBUCIÓN, ETC. (PIE DE IMPRENTA) | |
| Lugar de publicación, distribución, etc | Barcelona : |
| Nombre del editor, distribuidor, etc. | Teide, |
| Fecha de publicación, distribución, etc | 1971. |
| 300 ## - DESCRIPCIÓN FÍSICA | |
| Extensión | 18 p. : |
| Otros detalles físicos | il. |
| Dimensiones | 24 cm. |
| 521 1# - TARGET AUDIENCE NOTE | |
| Target audience note | A partir de los 12 años |
| 910 ## - VALIDACIÓN | |
| Validación | 202 |
| 942 ## - ADDED ENTRY ELEMENTS (KOHA) | |
| Source of classification or shelving scheme | Dewey Decimal Classification |
| Koha item type | Libros |
| 956 ## - LOCAL ELECTRONIC LOCATION AND ACCESS (OCLC) | |
| Nombre de host | Yngrid Lockward |
| Withdrawn status | Lost status | Source of classification or shelving scheme | Damaged status | Not for loan | Collection code | Home library | Current library | Date acquired | Source of acquisition | Total Checkouts | Barcode | Date last seen | Price effective from | Koha item type |
|---|---|---|---|---|---|---|---|---|---|---|---|---|---|---|
| Dewey Decimal Classification | Biblioteca Pública Metropolitana Salomé Ureña | Biblioteca Pública Metropolitana Salomé Ureña | 11/20/2015 | Donación | BPMET15110411 | 11/20/2015 | 11/20/2015 | Libros |